000 00522nam a22001817a 4500
999 _c4382
_d4382
003 GBCCL
005 20241126110517.0
008 180119b xxu||||| |||| 00| 0 eng d
020 _a9780993997211
040 _cgbc
082 _a261.27
_bNIC
100 _aNickel, Gordon
_98227
245 _aThe Gentle Answer:
_bto the Muslim Accusation of Biblical Falsification /
_cGordon Nickel
260 _aBruton Gate,
_bAlberta:
_c2015
300 _a493 p.;
_c24 cm.
650 _aChristianity and Islam
_95939
942 _2ddc
_cBK
_01